000 00465nam a2200181Ia 4500
001 19399
005 20260306172650.0
008 260306t1998||||xx |||||||||||||| ||spa||
041 _aESP
082 _a659.1
_bR56
100 _aRies, Al
_eAUT
245 0 _aPosicionamiento:
_bel concepto que ha revolucionado la comunicación publicitaria y la mercadotecnia
260 _c1998
300 _a
_c
650 _aGEN
654 _aCAN
942 _cLIB
_dJUS
_fJUS
_2ddc
_n
999 _c19399
_d19399